000 00868nam a2200265 i 4500
001 bg
100 1 _aKOLMAN, Romuald
_d(1922- )
245 1 0 _aZastosowania inżynierii jakości :
_bporadnik /
_cRomuald Kolman.
260 _aBydgoszcz :
_b"AJG" :
_bOPO [Ośrodek Postępu Organizacyjnego],
_c2003.
300 _a355 s. :
_bil. ;
_c25 cm.
490 1 _aBiblioteka Menedżera i Służby Pracowniczej ;
_vz. 247
504 _aBibliogr. Indeks.
650 9 _aJakość produktu
650 9 _aZarządzanie jakością
655 _aPodręczniki
830 _aBiblioteka Menedżera i Służby Pracowniczej ;
020 _a8389446022
040 _cBPK
041 0 _apol
080 _a658.56(07)
920 _a83-89446-02-2
942 _cKS
008 s pl f |000 0 pol
999 _c45714
_d45714
856 _uhttp://koha.tu.koszalin.pl/cgi-bin/koha/opac-detail.pl?biblionumber=45714
_yKatalog online BPK